000 00631 a2200193 4500
003 OSt
005 20230417095003.0
008 220811b2009 spaad||f |||| 001 0 spa d
020 _a9788484763826
040 _cCHAP
082 0 0 _a631.5
_bF54 2009
_222
245 0 0 _aFitotecnia:
_bbases y tecnologías de la producción agrícola /
_cpor Francisco J. Villalobos...[y otros].
250 _aSegunda edición
264 1 _aEspaña:
_bMundi Prensa,
_c2009.
300 _a496 páginas
_bilustraciones, gráficas, tablas
504 _aIncluye índice y bibliografía
700 1 _9119455
_aVillalobos, Francisco J.
942 _2ddc
_cLIBRO
999 _c217503
_d217503